| 000 | 00440nam a22001697a 4500 | ||
|---|---|---|---|
| 003 | NUST - PNEC | ||
| 005 | 20170116180858.0 | ||
| 008 | 150831b xxu||||| |||| 00| 0 eng d | ||
| 020 | _a0792327616 | ||
| 040 | _cLIBRARY | ||
| 082 | _a620105 CUR | ||
| 100 |
_96137 _aCURNIER ALAIN |
||
| 245 |
_aComputational methods in solid mechanics _cAlain, Curnier |
||
| 260 | _cC 1980 | ||
| 650 |
_96138 _aEngineering mathematics |
||
| 942 |
_2ddc _cBK |
||
| 999 |
_c64877 _d64877 |
||